Simplicate your language (Record no. 76963)

MARC details
000 -LEADER
fixed length control field 00841cab a2200193 4500
001 - CONTROL NUMBER
control field ##L133375
008 - FIXED-LENGTH DATA ELEMENTS--GENERAL INFORMATION
fixed length control field 060504n2006 000 0 eng u
035 ## - SYSTEM CONTROL NUMBER
System control number (Sirsi) u133375
041 0# - LANGUAGE CODE
Language code of text/sound track or separate title eng
100 1# - MAIN ENTRY--PERSONAL NAME
Personal name Mackie, Bill
245 00 - TITLE STATEMENT
Title Simplicate your language
260 ## - PUBLICATION, DISTRIBUTION, ETC.
Date of publication, distribution, etc. 2006
490 #0 - SERIES STATEMENT
Series statement Building
Volume/sequential designation 271(8428) 28 April 2006, 58(1)
520 ## - SUMMARY, ETC.
Summary, etc. Warns that housebuilders must ensure that the legal documentation used when selling homes does not infringe the Unfair Terms in Consumer Contracts Regulations 1999. In particular, contractual terms need to be in plain, intelligible language that still, however, deal with the required conveyancing formalities.
590 ## - LOCAL NOTE (RLIN)
Local note IKA090506
650 24 - SUBJECT ADDED ENTRY--TOPICAL TERM
Topical term or geographic name entry element UNFAIR TERMS IN CONSUMER CONTRACTS REGULATIONS 1999
690 ## - LOCAL SUBJECT ADDED ENTRY--TOPICAL TERM (OCLC, RLIN)
Topical term or geographic name as entry element PROPERTY-PROPERTY ACQUISITION AND DISPOSAL-CONVEYANCING
942 ## - ADDED ENTRY ELEMENTS (KOHA)
Suppress in OPAC 0
Holdings
Withdrawn status Lost status Source of classification or shelving scheme Damaged status Not for loan Home library Current library Shelving location Date acquired Total Checkouts Full call number Barcode Date last seen Copy number Price effective from Koha item type
    Dewey Decimal Classification     London London Journal article 04/05/2006   L133375 133375-1001 06/08/2019 1 06/08/2019 Journal article